00381 a2200121 4500001001000000005001700010008004100027245006200068100001700130700001500147773008000162999001700242ART_4428620260410161938.0260409a 10aThe "big push" in an open economy with nontradable inputs1 aSkott, Peter1 aRos, Jaime0 tJournal of post Keynesian economicsg- Vol. 20, NÂș 1 (sep. 1997)wREV26226 c29231d29231